000 00477 a2200169 4500
005 20250614080413.0
020 _a0-7614-7440-4
082 _a338.003 MAR
111 _aMARSHALL CAVENDISH
245 _aBusiness and Industry
260 _aNewYork,
_bMarshall Cavendish Corporation
_c2004
300 _a1440p.:ill.;pictures, tables
_bBibliography, Index
_c28.5cm
700 _aChilds, William R.
700 _aMartin, Scott B.
700 _aGohdes, Wanda, S.
942 _2ddc
_cBKS
999 _c4045
_d4045